[Event "Havana Gilberto Garcia Memorial-B"]
[Site "Havana"]
[Date "2024.02.24"]
[Round "1"]
[White "Ramos Tuya, Moises"]
[Black "Rodriguez Naranjo, Yoilant"]
[Result "0-1"]
[WhiteElo "1497"]
[BlackElo "1581"]
[PlyCount "75"]
[EventDate "2024.02.24"]
[EventType "tourn"]
[EventRounds "9"]
[EventCountry "CUB"]
[SourceTitle "CB13_2024"]
[SourceDate "2024.03.27"]
[SourceVersion "1"]
[SourceVersionDate "2024.03.27"]
[SourceQuality "1"]

1. e4 c5 2. Nf3 Nc6 3. Nc3 g6 4. d4 cxd4 5. Nxd4 Bg7 6. Be3 d6 7. Bc4 Nf6 8. Qd2 Ng4 9. Nxc6 bxc6 10. Bd4 Ne5 11. Bb3 Ba6 12. f4 c5 13. Ba4+ Kf8 14. Bf2 Nc4 15. Qd3 Nxb2 16. Qxa6 Bxc3+ 17. Ke2 Nxa4 18. Qxa4 Bxa1 19. Rxa1 Qb6 20. Rd1 Kg7 21. Be1 Rab8 22. Rd3 Rhe8 23. Rb3 Qc7 24. Ba5 Qc8 25. Bc3+ f6 26. h3 Rxb3 27. axb3 Qa8 28. Ke3 Kf7 29. g4 Qb7 30. e5 Qg2 31. e6+ Kf8 32. Qd7 Qxh3+ 33. Kd2 Qxg4 34. Kd3 Qf3+ 35. Kc4 Qxf4+ 36. Kd3 Qf5+ 37. Ke2 Qxc2+ 38. Bd2 0-1

[Event "Giraldilla de La Habana op"]
[Site "Havana"]
[Date "2018.07.31"]
[Round "6"]
[White "Rodriguez Naranjo, Yoilant"]
[Black "Tomasen Bernal, Lucnel"]
[Result "1/2-1/2"]
[WhiteElo "1710"]
[BlackElo "1823"]
[PlyCount "32"]
[EventDate "2018.07.28"]
[EventType "swiss"]
[EventRounds "9"]
[EventCountry "CUB"]
[SourceTitle "EXT 2021"]
[Source "ChessBase"]
[SourceDate "2020.10.23"]
[SourceVersion "1"]
[SourceVersionDate "2020.10.23"]
[SourceQuality "1"]

1. c4 Nf6 2. g3 e5 3. Bg2 d5 4. cxd5 Nxd5 5. Nc3 Nb6 6. Nf3 Nc6 7. 0-0 Be7 8. a3 0-0 9. b4 Be6 10. d3 a5 11. b5 Nd4 12. Nd2 c6 13. bxc6 Nxc6 14. Rb1 a4 15. Bxc6 bxc6 16. Qc2 Qc7 1/2-1/2

[Event "Giraldilla de La Habana op"]
[Site "Havana"]
[Date "2018.07.29"]
[Round "4"]
[White "Diaz Gonzalez, Frank Abel"]
[Black "Rodriguez Naranjo, Yoilant"]
[Result "0-1"]
[WhiteElo "1683"]
[BlackElo "1710"]
[PlyCount "55"]
[EventDate "2018.07.28"]
[EventType "swiss"]
[EventRounds "9"]
[EventCountry "CUB"]
[SourceTitle "EXT 2021"]
[Source "ChessBase"]
[SourceDate "2020.10.23"]
[SourceVersion "1"]
[SourceVersionDate "2020.10.23"]
[SourceQuality "1"]

1. e4 c5 2. Nf3 Nc6 3. d4 cxd4 4. Nxd4 g6 5. Be3 Bg7 6. Nc3 d6 7. f3 Bd7 8. Qd2 Nf6 9. 0-0-0 Qa5 10. Kb1 0-0 11. Nxc6 bxc6 12. Nd5 Qd8 13. Nxf6+ Bxf6 14. Bd4 Bxd4 15. Qxd4 Qa5 16. Bc4 Rab8 17. Bb3 c5 18. Qd2 Qb6 19. c4 a5 20. Qc3 Rb7 21. Bc2 Rfb8 22. b3 Qa6 23. Rd3 a4 24. Qd2 Qxc4 25. Ka1 axb3 26. Bxb3 Qa6 27. Qc2 Bb5 28. Rc3 0-1

[Event "Giraldilla de La Habana op"]
[Site "Havana"]
[Date "2018.07.29"]
[Round "3"]
[White "Rodriguez Naranjo, Yoilant"]
[Black "Perez Hernandez, Kendry"]
[Result "1/2-1/2"]
[WhiteElo "1710"]
[BlackElo "1644"]
[PlyCount "34"]
[EventDate "2018.07.28"]
[EventType "swiss"]
[EventRounds "9"]
[EventCountry "CUB"]
[SourceTitle "EXT 2021"]
[Source "ChessBase"]
[SourceDate "2020.10.23"]
[SourceVersion "1"]
[SourceVersionDate "2020.10.23"]
[SourceQuality "1"]

1. c4 e5 2. g3 Nf6 3. Bg2 Bc5 4. e3 Nc6 5. Ne2 d6 6. 0-0 0-0 7. Nbc3 Bf5 8. e4 Be6 9. d3 Qd7 10. Na4 Bg4 11. Nxc5 dxc5 12. f3 Bh3 13. Be3 Bxg2 14. Kxg2 b6 15. Qd2 h5 16. a3 a5 17. Bg5 Nh7 1/2-1/2

[Event "Portela Memorial tt"]
[Site "Havana"]
[Date "2018.07.24"]
[Round "9.1"]
[White "Rodriguez Naranjo, Yoilant"]
[Black "Alonso Garcia, Frank Obel"]
[Result "0-1"]
[WhiteElo "1710"]
[BlackElo "1773"]
[PlyCount "70"]
[EventDate "2018.07.16"]
[EventType "team-tourn"]
[EventRounds "9"]
[EventCountry "CUB"]
[SourceTitle "EXT 2021"]
[Source "ChessBase"]
[SourceDate "2020.10.23"]
[SourceVersion "1"]
[SourceVersionDate "2020.10.23"]
[SourceQuality "1"]

1. c4 e6 2. g3 Nf6 3. Bg2 d5 4. b3 Be7 5. Bb2 0-0 6. e3 b6 7. Ne2 Bb7 8. 0-0 c5 9. Qc2 Nbd7 10. d3 Qc7 11. Nbc3 a6 12. Nf4 dxc4 13. dxc4 Bxg2 14. Kxg2 Ne5 15. Rad1 Rfd8 16. Qe2 Qb7+ 17. f3 Nc6 18. Nh3 Rd7 19. Rxd7 Qxd7 20. Rd1 Qc7 21. Ng5 h6 22. Nge4 Rd8 23. Nf2 Ne8 24. Nce4 Nd6 25. Qc2 Nf5 26. Qc3 f6 27. f4 Rxd1 28. Nxd1 Nb4 29. Nef2 Nxa2 30. Qc2 Nb4 31. Qe4 Qc6 32. Qxc6 Nxc6 33. g4 Nd6 34. Nc3 Na5 35. Na4 Bd8 0-1

[Event "Portela Memorial tt"]
[Site "Havana"]
[Date "2018.07.22"]
[Round "7.2"]
[White "Rodriguez Naranjo, Yoilant"]
[Black "Reyes Oquendo, Samuel Moises"]
[Result "0-1"]
[WhiteElo "1710"]
[BlackElo "1674"]
[PlyCount "110"]
[EventDate "2018.07.16"]
[EventType "team-tourn"]
[EventRounds "9"]
[EventCountry "CUB"]
[SourceTitle "EXT 2021"]
[Source "ChessBase"]
[SourceDate "2020.10.23"]
[SourceVersion "1"]
[SourceVersionDate "2020.10.23"]
[SourceQuality "1"]

1. c4 e6 2. g3 Nf6 3. e3 c5 4. Bg2 Be7 5. Ne2 0-0 6. Nbc3 d5 7. b3 Nc6 8. cxd5 exd5 9. d4 cxd4 10. Nxd4 Re8 11. Nde2 Be6 12. Nf4 Bb4 13. Bb2 d4 14. Qc2 dxc3 15. Bxc3 Bxc3+ 16. Qxc3 Rc8 17. 0-0 Qa5 18. Qxa5 Nxa5 19. Nxe6 Rxe6 20. Bh3 Rce8 21. Bxe6 Rxe6 22. Rfd1 Nc6 23. Rac1 g6 24. Kg2 h5 25. Rd3 Kg7 26. Rcd1 Nb4 27. Rd8 Nxa2 28. Ra1 Nb4 29. Ra8 a6 30. Rc1 Nc6 31. Rd1 Re7 32. Rc8 Ne4 33. b4 Nc3 34. Rd3 Na4 35. b5 axb5 36. Ra8 Nc5 37. Rd1 Na6 38. h3 b4 39. Kf1 b3 40. Rb1 Nc5 41. Ra3 Nb4 42. Ra5 b6 43. Rb5 Nd5 44. Ra1 Re4 45. Ke1 Rc4 46. Ra3 Rc1+ 47. Kd2 Rc2+ 48. Ke1 Nd3+ 49. Kf1 Rc1+ 50. Kg2 Nc5 51. e4 Nxe4 52. Rxd5 b2 53. Rb3 b1Q 54. Rxb1 Rxb1 55. Rd4 Nf6 0-1

[Event "Portela Memorial tt"]
[Site "Havana"]
[Date "2018.07.16"]
[Round "1.5"]
[White "Rodriguez Naranjo, Yoilant"]
[Black "Morales Sanchez, Ernesto Felix"]
[Result "1-0"]
[WhiteElo "1710"]
[BlackElo "1751"]
[PlyCount "103"]
[EventDate "2018.07.16"]
[EventType "team-tourn"]
[EventRounds "9"]
[EventCountry "CUB"]
[SourceTitle "EXT 2021"]
[Source "ChessBase"]
[SourceDate "2020.10.23"]
[SourceVersion "1"]
[SourceVersionDate "2020.10.23"]
[SourceQuality "1"]

1. c4 e6 2. g3 Nf6 3. Bg2 d5 4. b3 Bd6 5. Bb2 0-0 6. e3 c6 7. Ne2 Nbd7 8. Nbc3 Qb6 9. Na4 Qc7 10. Qc2 b5 11. cxb5 cxb5 12. Qxc7 Bxc7 13. Nac3 a6 14. 0-0 Rd8 15. Ba3 Ba5 16. Be7 Re8 17. Bd6 Bb7 18. d4 Rac8 19. b4 Bc7 20. Bc5 Nxc5 21. dxc5 Bc6 22. Rac1 Ne4 23. Nxe4 dxe4 24. Nc3 f5 25. Rfd1 Red8 26. Bf1 Rxd1 27. Rxd1 Rd8 28. Rxd8+ Bxd8 29. Ne2 Bf6 30. Nd4 Bxd4 31. exd4 Kf7 32. Bg2 Ke7 33. Kf1 g5 34. Ke2 g4 35. Ke3 Kd7 36. h3 gxh3 37. Bxh3 Bb7 38. g4 fxg4 39. Bxg4 Ke7 40. Bd1 Kf6 41. Kf4 Ke7 42. Bc2 Bd5 43. a3 h5 44. Bxe4 Bc4 45. Bf3 h4 46. Kg4 Kf6 47. Bb7 e5 48. dxe5+ Kxe5 49. f4+ Kf6 50. Bxa6 Ke6 51. Kxh4 Kf5 52. Kg3 1-0